000 00880nam a2200205 i 4500
001 23878
003 ES-MaACL
005 20240207200420.0
007 t|
008 021213s1874 sp ||||1| spa d
245 0 0 _aAniversario de Cervantes
_b: fiesta literaria verificada en el Instituto de Cádiz para conmemorar la muerte del Príncipe de los Ingenios, 1616-1874.
260 _aCádiz :
_b[s.n.],
_c1874 (
_fTip. La Mercantil de José Rodriguez y Rodriguez)
300 _aVIII, 69 p. ;
_c21 cm.
530 _aDisponible en formato digital.
600 0 _aCervantes Saavedra, Miguel de,
_d1547-1616-
_jAniversarios y centenarios
_9221674
710 2 _aInstituto Provincial de Segunda Enseñanza de Cádiz.
_9144996
852 _aES-MaACL
_jT-165-F-3
856 _uhttp://bdh-rd.bne.es/viewer.vm?id=0000191345&page=1
_zBiblioteca Digital Hispánica
999 _c23878
_d23878